Tank Palet vatandır satılamaz/ (Record no. 13280)

MARC details
000 -BAŞLIK
Sabit Uzunlukta Kontrol Alanı 01250nam a22003137a 4500
999 ## - SİSTEM KONTROL NUMARALARI (KOHA)
Koha Biblionumber 13280
Koha Biblioitemnumber 13280
003 - KONTROL NUMARASI IDENTIFIER
Denetim Alanı MIRAKIL
005 - SON İŞLEM TARİHİ VE ZAMANI
Denetim Alanı 20211214000614.0
008 - SABİT-BOY VERİ ELEMANLARI - GENEL BİLGİLER
Sabit Uzunlukta Kontrol Alanı 190529b tu ||||| |||| 00| 0 tur d
040 ## - KATALOGLAMA KAYNAK
Orijinal Kataloglama Ajansı TR-AnCHP
Metne Dönüştürmek Ajansı TR-AnCHP
041 ## - DİL KODU
Metin / Ses Parça Veya Ayrı Başlığın Dil Kodu tur
082 ## - DEWEY ONLU SINIFLANDIRMA NUMARASI
Sınıflandırma Numarası CHP 324.23072
Ürün Numarası C36t 2019
090 ## - SINIFLAMA NUMARASI
Sınıflama Numarası Broşür 535
110 ## - ANA GİRİŞ - KURUMSAL ADI
Giriş Elemanı Olarak Kurumsal Ad Veya Yargı Alanı Adı Cumhuriyet Halk Partisi (CHP)
245 10 - BAŞLIK TABLOSU
Başlık Tank Palet vatandır satılamaz/
Sorumluluk Tablosu, Vb Cumhuriyet Halk Partisi (CHP)
246 ## - UNVAN FORM VARYING
Başlık Doğru / Kısa Başlığı Tank palet fabrikasının özelleştirilmesi
260 ## - YAYIN, DAĞITIM, VB
Yayın, Dağıtım, Vb Yeri Ankara:
Yayıncı, Dağıtıcı, Vs Adı Cumhuriyet Halk Partisi (CHP),
Yayın, Dağıtım, Vb Tarihi 2019.
300 ## - FİZİKSEL TANIM
Kapsam ktl. 2 s.:
Diğer Fiziksel Ayrıntıları fotğ.
Boyutlar 21 sm.
610 #0 - KONU KATMA GİRİŞ - TOPLANTI ADI
9 (RLIN) 5196
Giriş Elemanı Olarak Kurumsal Ad Veya Yargı Alanı Adı Cumhuriyet Halk Partisi (CHP)
Genel Alt Bölüm Propaganda ve ideolojiler
610 #0 - KONU KATMA GİRİŞ - TOPLANTI ADI
9 (RLIN) 5196
Giriş Elemanı Olarak Kurumsal Ad Veya Yargı Alanı Adı Cumhuriyet Halk Partisi (CHP)
Genel Alt Bölüm AKP iktidarı, özelleştirmeler
-- Eleştiriler
650 #0 - KONU KATMA GİRİŞ - TOPİKAL DÖNEM
Topikal Süreli Veya Coğrafi Ad Giriş Elemanı Siyaset ve yönetim
Genel Alt Bölümü Türkiye
9 (RLIN) 9
650 #0 - KONU KATMA GİRİŞ - TOPİKAL DÖNEM
9 (RLIN) 720
Topikal Süreli Veya Coğrafi Ad Giriş Elemanı Özelleştirme
Genel Alt Bölümü Tank palet fabrikası
Coğrafi Alt Bölümü Türkiye
651 #0 - KONU KATMA GİRİŞ - COĞRAFİ ADI
9 (RLIN) 5197
Coğrafi İsim Sakarya, Türkiye
Genel Alt Bölümü Özelleştirme
-- Tank palet fabrikası
710 ## - KATMA GİRİŞ - KURUMSAL ADI
9 (RLIN) 5196
Giriş Elemanı Olarak Kurumsal Ad Veya Yargı Alanı Adı Cumhuriyet Halk Partisi (CHP)
740 ## - KATMA GİRİŞ - KONTROLSUZ İLGİLİ / ANALİTİK BAŞLIK
Kontrol Edilmeyen / İlgili Analitik Başlıktaki Tank palet fabrikasının özelleştirilmesi
942 ## - EKLENDİ GİRİŞ ELEMANLARI (KOHA)
Sınıflandırma Veya Raf Düzeni Kaynak Dewey Decimal Classification
Koha Öğesi Türü Books
999 ## - SİSTEM KONTROL NUMARALARI (KOHA)
Koha Biblioitemnumber 13280
999 ## - SİSTEM KONTROL NUMARALARI (KOHA)
Koha Biblioitemnumber 13279
Holdings
Kullanım Kısıtlamaları Kalıcı Konum Mevcut Konum Edinme Tarihi Toplam Check-Out'Lar Tam Çağrı Numarası Barkod Tarih Son Görülme İtibaren Geçerli Fiyatlar Koha Öğesi Türü
Kütüphane dışına çıkarılamaz CHP Kütüphanesi CHP Kütüphanesi 05/29/2019   CHP 324.23072 C36t 2019 019176 05/29/2019 05/29/2019 Books